000 00728nam a22001577a 4500
005 20260512111250.0
008 260512b |||||||| |||| 00| 0 eng d
050 _aTHTE S 531 .N93 2025
_bC.1
100 _aNyamwamu, Peter Obaga
245 _aAssessment of Professional Development Among Teachrs of Agriculture and Performance of Public Secondary Schools in Nyamira County, Kenya
260 _aKisii
_bKisii University
_c2025
300 _axxiv, 149p.:ill.
500 _aIncludes bibliographical references
650 _a1. Teachers of agriculture - Kenya - Professional development. 2. Teacher effectiveness - Kenya - Nyamira County. 3. Professional learning communities - Kenya - Agricultural teachers.
942 _2lcc
_cREF
999 _c217112
_d217112